00420 2200169 4500001002100000008004100021035002000062245004000082100001800122250000600140260004400146300001200190084001400202082000800216650001400224990001200238INLIS000000000001103 ind  a0010-0524000338 aDoa & IstighfarcProf. Munjid Tamam aTamam, Munjid a1 aJakarta :bAkbar Media Eka Saranac2005 a117 hlm a200 MUN d a200 aNon Fiksi a0744081